|
|
|
|
| LEADER |
00683cam a2200193 7i4500 |
| 001 |
0000017131 |
| 005 |
20170504090000.0 |
| 020 |
|
|
|a 9781856044424 (pbk.)
|
| 020 |
|
|
|a 1856044424 (pbk.)
|
| 090 |
0 |
0 |
|a HE7581
|b .P36 2002
|
| 100 |
1 |
|
|a Pantry, Sheila
|
| 245 |
1 |
0 |
|a Creating a successful e-information service
|c Sheila Pantry, Peter Griffiths.
|
| 260 |
|
|
|a London:
|b Facet Pub.,
|c 2002.
|
| 300 |
|
|
|a xiii, 176 p.;
|c 24 cm.
|
| 650 |
0 |
0 |
|a Electronic commerce
|
| 650 |
0 |
0 |
|a Online information service industry --
|x Management
|
| 700 |
1 |
|
|a Griffiths, Peter
|
| 997 |
|
|
|a Education & Social Sciences, Faculty
|b Education, Department
|
| 999 |
|
|
|a 0000024189
|b BOK
|c OPEN SHELF
|e 1st Floor, Bestari Jaya
|